000 00472nam a2200157 4500
001 144364
003 ES-MaACL
007 t|
008 070214s1974 sp r ||||1| spa d
100 1 _aSignes, Miguel.
_9106310
245 1 0 _aOtras vidas, otros mundos /
_cMiguel Signes.
260 _aAlicante :
_bInstituto de Estudios Alicantinos,
_c1974.
300 _a159 p. ;
_c18 cm.
710 2 _aInstituto de Estudios Alicantinos.
_94886
852 _aES-MaACL
_jE-7373
_bR.91653
999 _c144364
_d144364